LIBRARY & INFORMATION CENTRE, KCAET, TAVANUR

ONLINE PUBLIC ACCESS CATALOGUE (OPAC)

Kaichangala (Record no. 4498)

MARC details
000 -LEADER
fixed length control field 00381cam a2200169ua 4500
041 ## - LANGUAGE CODE
Language code of text/sound track or separate title mal
082 ## - DEWEY DECIMAL CLASSIFICATION NUMBER
Classification number 894.812308
Item number KUS/KA
100 ## - MAIN ENTRY--AUTHOR NAME
Personal name Kushvahakanth, .
245 ## - TITLE STATEMENT
Title Kaichangala
260 ## - PUBLICATION, DISTRIBUTION, ETC. (IMPRINT)
Place of publication Tiruvalla :
Name of publisher Southern book stall ,
Year of publication 1960.
300 ## - PHYSICAL DESCRIPTION
Number of Pages 170 ; .
942 ## - ADDED ENTRY ELEMENTS (KOHA)
Koha item type Books
Holdings
Withdrawn status Lost status Damaged status Home library Current library Date acquired Full call number Accession Number Koha item type
Withdrawn     KAUAET Sanskrit University 07/04/2012 894.812308 985 Books
free website counter